000 00268nam a22001097a 4500
008 170124b xxu||||| |||| 00| 0 eng d
020 _a9780815105626
041 _aeng
080 _23RD
_a618.2
245 _aCOMMUNICATIONS IN NURSING
_cBALZER-RILEY, J.W
942 _2udc
_cBK
999 _c3496
_d3496